000 00478nam a2200181Ia 4500
005 20250326142621.0
008 250326s9999 xx 000 0 und d
037 _aTextbook
040 _aFMSL
_beng
_cFMSL
041 _aeng
_2eng
084 _qFMSL
100 _aHerdez A
245 0 _aJust in-Time manufacturing: A practical Approach
_cHerdez A
260 _aEnglewood
_bEnglewood, Prentice Hall
_c1989
300 _a221p
942 _cTB
999 _c1295849
_d1295849